Guess the NFL players number - Statistics

General Stats
  • This quiz has been taken 4,101 times
  • The average score is 15 of 15
Answer Stats
% Correct
Cam Newton 1
100%
Julio Jones 11
99%
Julian Edelman 11
99%
DeSean Jackson 11
99%
Andrew Luck 12
99%
Tom Brady 12
99%
Odell Beckham Jr 13
98%
Matthew Stafford 9
98%
Jimmy Garoppolo 10
97%
AJ Green 18
96%
Jacoby Brissett 7
95%
Antonio Brown 84
95%
Logan Ryan 26
94%
Le'Von Bell 26
94%
Golden Tate III 15
93%
No matching quizzes found
Score Distribution
Percent of People with Each Score
Percentile by Number Answered
Your Score History
You have not taken this quiz